Derecho administrativo chileno y comparado. Introducción y fuentes.

Gespeichert in:
Bibliographische Detailangaben
1. Verfasser: Silva Cimma, Enrique (autor)
Weitere Verfasser: Cordero Vega, Luis (revisión y actualización), Aylwin Azócar, Patricio (presentación)
Format: Buch
Sprache:Spanisch
Veröffentlicht: Santiago, Chile: Jurídica de Chile, 2009
Ausgabe:Quinta edición
Schlagworte:
Tags: Tag hinzufügen
Keine Tags, Fügen Sie den ersten Tag hinzu!

MARC

LEADER 00000nam a2200000 a 4500
001 UCH3645
003 CL-VaPUC
005 20250402162656.0
008 090813e20090000CL |||||||||||||||||spa|d
999 |c 335128  |d 335126 
020 |a 9789561019294 
040 |c Pontificia Universidad Católica de Valparaíso 
082 0 4 |a 342.06 SIL 2009  |2 21 
100 1 |a Silva Cimma, Enrique  |e autor  |9 435753 
245 1 0 |a Derecho administrativo chileno y comparado.  |b Introducción y fuentes. 
250 |a Quinta edición 
260 |a Santiago, Chile:  |b Jurídica de Chile,  |c 2009 
300 |a 324 páginas. 
583 |a last modification  |c 20090813 00:00:00  |k Rodrigo Vera 
650 1 |a Derecho administrativo chileno  |9 461009 
650 0 |a Derecho comparado  |9 255664 
650 0 |a Fuentes del derecho administrativo  |9 553587 
700 |a Cordero Vega, Luis  |e revisión y actualización  |9 890463 
700 |a Aylwin Azócar, Patricio  |e presentación  |9 870260 
942 |c BK  |2 ddc 
945 |d 20090813 00:00:00  |a rbrito 
952 |0 0  |1 0  |4 0  |6 342_060000000000000_SIL_2009  |7 0  |8 A  |9 424740  |a BIBDER  |b BIBDER  |d 2019-11-22  |i 4586786  |o 342.06 SIL 2009  |p 4586786  |r 2023-01-25  |w 2019-11-22  |y BK  |k DER 
952 |0 0  |1 0  |4 0  |6 342_060000000000000_SIL_2009  |7 0  |8 A  |9 424741  |a BIBDER  |b BIBDER  |d 2019-11-22  |i 4726960  |o 342.06 SIL 2009  |p 4726960  |r 2023-01-25  |w 2019-11-22  |y BK  |k DER 
952 |0 0  |1 0  |4 0  |6 342_060000000000000_SIL_2009  |7 0  |8 A  |9 424742  |a BIBDER  |b BIBDER  |d 2019-11-22  |i 4726979  |l 10  |o 342.06 SIL 2009  |p 4726979  |r 2023-07-03  |s 2023-07-03  |w 2019-11-22  |y BK  |k DER 
952 |0 0  |1 0  |4 0  |6 342_060000000000000_SIL_2009  |7 0  |8 A  |9 424743  |a BIBDER  |b BIBDER  |d 2019-11-22  |i 4726987  |l 1  |o 342.06 SIL 2009  |p 4726987  |r 2023-01-25  |s 2021-01-14  |w 2019-11-22  |y BK  |k DER 
952 |0 0  |1 0  |4 0  |6 342_060000000000000_SIL_2009  |7 0  |8 A  |9 424744  |a BIBDER  |b BIBDER  |d 2019-11-22  |i 4726995  |o 342.06 SIL 2009  |p 4726995  |r 2023-01-25  |w 2019-11-22  |y BK  |k DER